Escritorios y bargueños españoles = Spanish bargueños and writing chests / (Record no. 10812)

MARC details
000 -CABECERA
campo de control de longitud fija 01325nam a22002657a 4500
001 - NÚMERO DE CONTROL
campo de control BRCA_9193
003 - IDENTIFICADOR DEL NÚMERO DE CONTROL
campo de control FranzMayer
005 - FECHA Y HORA DE LA ÚLTIMA TRANSACCIÓN
campo de control 20220809132826.0
008 - DATOS DE LONGITUD FIJA--INFORMACIÓN GENERAL
campo de control de longitud fija 220707b |||||||| |||| 00| 0 spa d
020 ## - NÚMERO INTERNACIONAL ESTÁNDAR DEL LIBRO
Número Internacional Estándar del Libro 9788492546473
040 ## - FUENTE DE LA CATALOGACIÓN
Lengua de catalogación spa
Centro/agencia transcriptor MFM
041 1# - CÓDIGO DE LENGUA
Código de lengua del texto/banda sonora o título independiente spa
-- eng
050 ## - SIGNATURA TOPOGRÁFICA DE LA BIBLIOTECA DEL CONGRESO
Número de clasificación NK2740.604
Número de documento/Ítem A35 2018
100 ## - ENTRADA PRINCIPAL--NOMBRE DE PERSONA
Nombre de persona Aguiló Alonso, María Paz‏
Fechas asociadas al nombre 1946-
Término indicativo de función/relación autor
9 (RLIN) 28430
245 10 - MENCIÓN DE TÍTULO
Título Escritorios y bargueños españoles = Spanish bargueños and writing chests /
Mención de responsabilidad, etc. autor Ma. Paz Aguiló Alonso; traducción María Luisa Ollero
260 ## - PUBLICACIÓN, DISTRIBUCIÓN, ETC.
Lugar de publicación, distribución, etc. España:
Nombre del editor, distribuidor, etc. Ministerio de Economía y Empresa
Fecha de publicación, distribución, etc. 2018
300 ## - DESCRIPCIÓN FÍSICA
Extensión 91 p. :
Otras características físicas il. col. ;
Dimensiones 21 x 24 cm.
500 ## - NOTA GENERAL
Nota general Ubicación: L59-N5
500 ## - NOTA GENERAL
Nota general Incluye imagen de pieza del Museo Franz Mayer (p. 17)
504 ## - NOTA DE BIBLIOGRAFÍA, ETC.
Nota de bibliografía, etc. Bibliografía: p. 90-91
520 ## - SUMARIO, ETC.
Sumario, etc. La autora hace una una aproximación a los orígenes y la evolución de los escritorios y bargueños. En su investigación, indaga sobre los materiales utilizados en distintas épocas, las influencias recibidas a lo largo de los siglos y las peculiaridades de las diferentes escuelas, incluyendo las características de los escritorios realizados en la América virreinal.
650 ## - PUNTO DE ACCESO ADICIONAL DE MATERIA--TÉRMINO DE MATERIA
Término de materia o nombre geográfico como elemento de entrada Escritorio
Subdivisión general Bargueño
-- Historia
Subdivisión geográfica España
9 (RLIN) 28431
942 ## - ELEMENTOS DE PUNTO DE ACCESO ADICIONAL (KOHA)
Fuente del sistema de clasificación o colocación Library of Congress Classification
Tipo de ítem Koha Libros
Holdings
Estado de retiro Estado de pérdida Fuente del sistema de clasificación o colocación Estado dañado No para préstamo Localización permanente Ubicación/localización actual Fecha de adquisición Total de préstamos Signatura topográfica completa Código de barras Fecha visto por última vez Precio válido a partir de Tipo de ítem Koha
El ejemplar forma parte de la colección y puede ser consultado según las políticas vigentes.   Library of Congress Classification     Biblioteca del Museo Franz Mayer (Rogerio Casas-Alatriste) Biblioteca del Museo Franz Mayer (Rogerio Casas-Alatriste) 07/07/2022   NK2740.604 A35 2018 CONT9965 07/07/2022 07/07/2022 Libros